Využitie rádioaktívnych izotopov v atómových batériách

Gespeichert in:
Bibliographische Detailangaben
1. Verfasser: Jaček, Radomír (Verfasst von)
Weitere Verfasser: Világi, František (Betreuung Doktorarbeit)
Format: Manuskript Buch
Sprache:Slowakisch
Veröffentlicht: 2021
Schlagworte:
Online-Zugang:http://is.stuba.sk/zp/portal_zp.pl?podrobnosti=160057
Tags: Tag hinzufügen
Keine Tags, Fügen Sie das erste Tag hinzu!

MARC

LEADER 00000ntm a22000003a 4500
001 stuzp84519
003 SK-STU
005 20210717210345.6
007 ta
008 150427s2015----xo-----f-mn---000-0-slo-d
040 |a STU  |b slo 
041 0 |a slo 
100 1 |a Jaček, Radomír  |u 020060  |4 aut  |U SjF Strojnícka fakulta  |T SjF Ústav energetických strojov a zariadení  |X 93093  |U J0060  |Y 805  |7 93093 
242 0 1 |a Use of radioactive isotopes in atomic batteries  |y eng 
245 1 0 |a Využitie rádioaktívnych izotopov v atómových batériách 
260 |c 2021 
650 4 |a jadrová energia  |2 slo 
650 4 |a rádioaktívne žiarenie  |2 slo 
650 4 |a atómové batérie  |2 slo 
650 4 |a izotopy  |2 slo 
650 4 |a ionizujúce žiarenie  |2 slo 
650 4 |a energia rádioaktívneho rozpadu  |2 slo 
650 4 |a nuclear energy  |2 eng 
650 4 |a radioactive emission  |2 eng 
650 4 |a atomic batteries  |2 eng 
650 4 |a isotopes  |2 eng 
650 4 |a ionizing radiation  |2 eng 
650 4 |a energy of radioactive decay  |2 eng 
700 1 |a Világi, František  |u 020060  |k Z1  |4 ths  |U SjF Strojnícka fakulta  |T SjF Ústav energetických strojov a zariadení  |X 68944  |U J0060  |Y 805  |7 A000068944 
856 4 |u http://is.stuba.sk/zp/portal_zp.pl?podrobnosti=160057